| 000 | 00674nam a2200217 a 4500 | ||
|---|---|---|---|
| 005 | 20140310183513.0 | ||
| 008 | 101106s19uu xx 00 eng d | ||
| 020 | _a9780470177075 | ||
| 050 |
_aQA 76.76.C65 _b.M289 2009 |
||
| 100 | _aMak, Ronald | ||
| 245 |
_aWriting Compilers and Interpreters: _ba modern software enginnering approach using Java. |
||
| 250 | _a3rd | ||
| 260 |
_aCanada : _bWiley Pub.,Inc, _c2009. |
||
| 300 |
_a840 p. : _bill. ; _c24 cm. |
||
| 521 | _aIT | ||
| 650 | _aComputers ( Computer programs) | ||
| 650 | _aInterpreters ( Computer programs) | ||
| 650 | _aPascal ( computer program language) | ||
| 942 |
_cBK _2lcc _kFOR |
||
| 999 |
_c24230 _d24230 |
||